000 00397 a2200097 4500
245 0 0 _aElementy urządzeń mikrofalowych - Kołnierze typu D złączy falowodów prostokątnych normalnych Główne wymiary PN-83/T-80306 /
_cMin. Przem. Maszynowego.
246 1 3 _aPN-83/T-80306
246 1 3 _a621.372.822:621.315.682
260 _aWarszawa :
_bMin. Przem. Maszynowego,
_c1983.
300 _a5 stron ;
_c30 cm.
650 _aPolska norma
999 _c18908
_d18908